| 000 | 01405nam a2200361 i 4500 | ||
|---|---|---|---|
| 003 | CO-BoRNBP | ||
| 005 | 20250225155355.0 | ||
| 007 | ta | ||
| 008 | 231211s2023 ck a|||a 000 f spa|| | ||
| 020 | _a9789583068096 | ||
| 040 |
_aCO-BoRNBP _bspa _erda _cCO-BoRNBP |
||
| 041 | 1 |
_aspa _hger |
|
| 043 | _ae-ge--- | ||
| 084 | _aN MUS7 | ||
| 100 | 1 |
_aMuser, Martín _d1965- _eautor _958755 |
|
| 245 | 1 | 3 |
_aUn caso para el tándem _bel canguro rojo/ _cMartín Muser ; ilustraciones de Tine Schulz ; traductor Luis Carlos Henao |
| 250 | _aEdición especial | ||
| 264 | 1 |
_aBogotá, Colombia _bPanamericana Editorial _c2023 |
|
| 300 |
_a139 páginas _bilustraciones en blanco y negro _c21 cm |
||
| 336 |
_atexto _btxt _2rdacontent |
||
| 337 |
_asin mediación _bn _2rdamedia |
||
| 338 |
_avolumen _bnc _2rdacarrier |
||
| 490 |
_aPlan Nacional de Lectura, Escritura y Oralidad _pMinisterio de Cultura |
||
| 521 | _aRecomendado para un público infantil a partir de los 6 años | ||
| 534 | _t Ein Fall Für Tandem das rote Känguru | ||
| 650 | 1 | 7 |
_aNovela juvenil alemana _ySiglo XXI _2ARMARC _958756 |
| 650 | 1 | 7 |
_aLiteratura juvenil alemana _ySiglo XXI _2ARMARC _958757 |
| 650 | 1 | 7 |
_aDetectives en la literatura _2ARMARC _92332 |
| 650 | 1 | 7 |
_aLadrones en la literatura _2ARMARC _958758 |
| 700 | 1 |
_aSchulz, Tine _eilustrador _958759 |
|
| 700 | 1 |
_aHenao, Luis Carlos _etraductor _958760 |
|
| 942 |
_2loc _cBKINF |
||
| 999 |
_c56962 _d56962 |
||